[Event "Hessenliga 1516"]
[Site "Germany"]
[Date "2015.12.06"]
[Round "4.2"]
[White "Grabarczyk, Bogdan"]
[Black "Bankmann, Daniel"]
[Result "1-0"]
[WhiteElo "2396"]
[BlackElo "2020"]
[PlyCount "67"]
[EventDate "2015.09.27"]
[EventType "team-tourn"]
[EventRounds "9"]
[EventCountry "GER"]
[SourceTitle "EXT 2018"]
[Source "ChessBase"]
[SourceDate "2017.10.13"]
[SourceVersion "1"]
[SourceVersionDate "2017.10.13"]
[SourceQuality "1"]
[WhiteTeam "Griesheim II"]
[BlackTeam "Gelnhausen"]
[WhiteTeamCountry "GER"]
[BlackTeamCountry "GER"]

1. e4 c6 2. Nc3 d5 3. Nf3 Nf6 4. e5 Ne4 5. Qe2 Bf5 6. Nxe4 Bxe4 7. Ng5 Bg6 8. e6 Qd6 9. exf7+ Bxf7 10. Nxf7 Kxf7 11. d4 Nd7 12. Be3 e5 13. 0-0-0 Re8 14. Qf3+ Qf6 15. Qh3 Qe6 16. Qxe6+ Rxe6 17. dxe5 Rxe5 18. Bf4 Re4 19. Bg3 Bc5 20. Bd3 Re7 21. c4 Nf6 22. cxd5 cxd5 23. Bc2 Rc8 24. Kb1 Re2 25. Bd3 Re7 26. f3 Be3 27. Bd6 Ree8 28. Bc2 Rc6 29. Bb4 Rd8 30. Rhe1 d4 31. Rxe3 Rxc2 32. Re7+ Kg6 33. Kxc2 Nd5 34. Rxd4 1-0

[Event "Hessenliga 1415"]
[Site "Hessen"]
[Date "2015.04.19"]
[Round "9.6"]
[White "Rosa, Mike"]
[Black "Bankmann, Daniel"]
[Result "1-0"]
[WhiteElo "2080"]
[BlackElo "1931"]
[PlyCount "93"]
[EventDate "2014.09.28"]
[EventType "team-tourn"]
[EventRounds "9"]
[EventCountry "GER"]
[SourceTitle "EXT 2016"]
[Source "ChessBase"]
[SourceDate "2015.10.08"]
[SourceVersion "1"]
[SourceVersionDate "2015.10.08"]
[SourceQuality "1"]
[WhiteTeam "Nied"]
[BlackTeam "Gelnhausen"]
[WhiteTeamCountry "GER"]
[BlackTeamCountry "GER"]

1. e4 c6 2. d4 d5 3. f3 g6 4. Be3 Bg7 5. Nc3 e6 6. Qd2 Nd7 7. 0-0-0 Qa5 8. Kb1 b6 9. exd5 exd5 10. Re1 Kd8 11. Nh3 h6 12. Bf4 Ndf6 13. Qe3 Qb4 14. Nf2 Qe7 15. Qd2 Be6 16. g4 Nd7 17. g5 hxg5 18. Bxg5 Bf6 19. Bf4 Qb4 20. Be3 a5 21. Nd3 Qf8 22. Nf4 Bf5 23. Bd3 Bxd3 24. Nxd3 Ne7 25. Ne5 Kc7 26. Bf4 Bxe5 27. dxe5 Nc5 28. e6+ Kb7 29. exf7 Qxf7 30. Bd6 Nf5 31. Bxc5 bxc5 32. Na4 Qf8 33. Qc3 c4 34. b3 Qb4 35. Qf6 Qd6 36. Re6 Qf8 37. Rxc6 Qxf6 38. Rxf6 Nh4 39. Re1 Rhe8 40. Nc5+ Kc7 41. Rd1 c3 42. a3 Re5 43. Rd3 d4 44. Rxd4 Rd8 45. Na6+ Kc8 46. Rc6+ Kb7 47. Rc7+ 1-0

[Event "Hessenliga 1415"]
[Site "Hessen"]
[Date "2015.02.08"]
[Round "6.4"]
[White "Bahlke, Philipp"]
[Black "Bankmann, Daniel"]
[Result "1-0"]
[WhiteElo "2039"]
[BlackElo "1931"]
[PlyCount "127"]
[EventDate "2014.09.28"]
[EventType "team-tourn"]
[EventRounds "9"]
[EventCountry "GER"]
[SourceTitle "EXT 2016"]
[Source "ChessBase"]
[SourceDate "2015.10.08"]
[SourceVersion "1"]
[SourceVersionDate "2015.10.08"]
[SourceQuality "1"]
[WhiteTeam "Dettingen"]
[BlackTeam "Gelnhausen"]
[WhiteTeamCountry "GER"]
[BlackTeamCountry "GER"]

1. d4 Nf6 2. c4 c5 3. d5 e6 4. Nc3 d6 5. e4 g6 6. Bd3 Bg7 7. Nge2 0-0 8. 0-0 Re8 9. Bg5 h6 10. Bh4 exd5 11. exd5 Nbd7 12. Bc2 Ne5 13. b3 a6 14. a4 g5 15. Bg3 Bg4 16. Qd2 Bh5 17. Rae1 Ng6 18. f3 Qd7 19. Bf2 Ne7 20. Ng3 Bg6 21. Re2 Nf5 22. Nxf5 Bxf5 23. Rfe1 Rxe2 24. Rxe2 Re8 25. Rxe8+ Nxe8 26. Ne4 Nf6 27. Ng3 Bg6 28. Bd3 Ne8 29. Qc2 Bxd3 30. Qxd3 Qe7 31. Nf5 Qe5 32. g4 Kf8 33. Qe4 Qxe4 34. fxe4 Be5 35. Kg2 Nf6 36. Kf3 Bxh2 37. Nxh6 Ke8 38. Nf5 Bf4 39. Be1 Kd7 40. Bc3 Ng8 41. Ng3 Ne7 42. Nh5 Bc1 43. Nf6+ Kd8 44. e5 Bf4 45. exd6 Bxd6 46. Ne4 Kd7 47. Nxg5 Ke8 48. Ke4 Ng8 49. Nh7 Ne7 50. Nf6+ Kd8 51. Ba5+ Kc8 52. Bd2 Bg3 53. Bg5 Kc7 54. Nh5 Bd6 55. Ng7 Kd7 56. Nf5 Nxf5 57. Kxf5 a5 58. Bf4 Be7 59. d6 Bf8 60. Kf6 Ke8 61. g5 b6 62. Bg3 b5 63. axb5 a4 64. bxa4 1-0

[Event "Hessenliga 1415"]
[Site "Hessen"]
[Date "2014.11.16"]
[Round "3.5"]
[White "Schmidt, Walter"]
[Black "Bankmann, Daniel"]
[Result "1/2-1/2"]
[WhiteElo "2217"]
[BlackElo "1931"]
[PlyCount "81"]
[EventDate "2014.09.28"]
[EventType "team-tourn"]
[EventRounds "9"]
[EventCountry "GER"]
[SourceTitle "EXT 2016"]
[Source "ChessBase"]
[SourceDate "2015.10.08"]
[SourceVersion "1"]
[SourceVersionDate "2015.10.08"]
[SourceQuality "1"]
[WhiteTeam "Bad Homburg"]
[BlackTeam "Gelnhausen"]
[WhiteTeamCountry "GER"]
[BlackTeamCountry "GER"]

1. e4 c6 2. d4 d5 3. exd5 cxd5 4. c4 Nf6 5. Nc3 g6 6. cxd5 Bg7 7. Bb5+ Nbd7 8. d6 0-0 9. Nf3 exd6 10. 0-0 a6 11. Bc4 b5 12. Bb3 Bb7 13. Re1 Rc8 14. a4 b4 15. Nb1 Nb6 16. Nbd2 a5 17. Nf1 d5 18. Ne5 Nc4 19. Ne3 Ne4 20. N3g4 Ned6 21. Qf3 f5 22. Nh6+ Kh8 23. Bxc4 Rxc4 24. Nxc4 dxc4 25. Qf4 Ne4 26. h4 Bxd4 27. Be3 Bxb2 28. Rad1 Qe7 29. f3 Be5 30. Bd4 Bxd4+ 31. Rxd4 Qc5 32. Red1 Nc3 33. Kh2 Nxd1 34. Rxc4 Qe3 35. Qd6 Qxh6 36. Qxd1 Ba8 37. Qd6 Qg7 38. Rc7 Qf6 39. Qd7 Qxh4+ 40. Kg1 Qe1+ 41. Kh2 1/2-1/2

[Event "Berlin Lichtenberger op 13th"]
[Site "Berlin"]
[Date "2014.08.21"]
[Round "6"]
[White "Reichenbach, Werner"]
[Black "Bankmann, Daniel"]
[Result "0-1"]
[WhiteElo "2258"]
[BlackElo "1931"]
[PlyCount "92"]
[EventDate "2014.08.16"]
[EventType "swiss"]
[EventRounds "9"]
[EventCountry "GER"]
[SourceTitle "CBM 161 Extra"]
[Source "ChessBase"]
[SourceDate "2014.08.29"]
[SourceVersion "1"]
[SourceVersionDate "2014.08.29"]
[SourceQuality "1"]

1. d4 Nf6 2. Bg5 Ne4 3. Bf4 d5 4. Nd2 Bf5 5. Ngf3 e6 6. h3 Bd6 7. Bxd6 Qxd6 8. e3 Nd7 9. c4 0-0 10. Be2 c5 11. cxd5 exd5 12. dxc5 Ndxc5 13. 0-0 Rac8 14. Nd4 Bg6 15. N2f3 Qb6 16. b3 Nc3 17. Qd2 N5e4 18. Qb2 Rc7 19. Rfe1 Rfc8 20. Bf1 a5 21. Ne5 a4 22. Bd3 Qa5 23. Qa3 b5 24. b4 Qb6 25. f3 Nd6 26. Qb2 Bxd3 27. Nxd3 f5 28. Nf4 Rc4 29. a3 Rxd4 30. exd4 Qxd4+ 31. Qf2 Qxf4 32. Re6 Ne8 33. Rae1 Nf6 34. Qa7 Qg5 35. Re7 d4 36. Qxd4 Ncd5 37. h4 Qg3 38. Qe5 Nf4 39. Qb2 Rf8 40. Kf1 Nd3 41. Qa2+ Kh8 42. Rd1 Nf4 43. Qf2 Qh2 44. Qg1 Qxh4 45. Re5 N6h5 46. Qf2 Ng3+ 0-1

[Event "Berlin Lichtenberger op 13th"]
[Site "Berlin"]
[Date "2014.08.17"]
[Round "2"]
[White "Kalinitschew, Sergey"]
[Black "Bankmann, Daniel"]
[Result "1/2-1/2"]
[WhiteElo "2409"]
[BlackElo "1931"]
[PlyCount "119"]
[EventDate "2014.08.16"]
[EventType "swiss"]
[EventRounds "9"]
[EventCountry "GER"]
[SourceTitle "CBM 161 Extra"]
[Source "ChessBase"]
[SourceDate "2014.08.29"]
[SourceVersion "1"]
[SourceVersionDate "2014.08.29"]
[SourceQuality "1"]

1. d4 Nf6 2. Nf3 c5 3. d5 d6 4. Nc3 g6 5. e4 Bg7 6. Bb5+ Nbd7 7. a4 0-0 8. 0-0 a6 9. Bc4 Ng4 10. a5 Rb8 11. Be2 b5 12. axb6 Qxb6 13. Nd2 Nh6 14. Nc4 Qc7 15. Bd2 f5 16. Qc1 Nf7 17. exf5 gxf5 18. Re1 Nfe5 19. Na5 Nf6 20. f4 Ng6 21. g3 Ne4 22. Nc6 Rb6 23. Na4 Rxc6 24. Ba5 Qxa5 25. dxc6 Qc7 26. Bf3 d5 27. c3 Qxc6 28. Qe3 e5 29. fxe5 Nxe5 30. Bg2 Ng6 31. Rf1 Bb7 32. Bxe4 fxe4 33. Nxc5 Rxf1+ 34. Rxf1 Ne5 35. Nxb7 Qxb7 36. Qc5 Nf3+ 37. Kh1 h6 38. b4 Qd7 39. Rd1 d4 40. cxd4 Bxd4 41. Qh5 Qe6 42. b5 axb5 43. Qxb5 Kg7 44. Rc1 Ne5 45. Rc7+ Nf7 46. Qc4 Qxc4 47. Rxc4 Be5 48. Rxe4 Kf6 49. Kg2 Kf5 50. Ra4 Bf6 51. Rf4+ Kg6 52. g4 Kg5 53. Kf3 Kg6 54. Ke4 Ng5+ 55. Kd5 Nh7 56. Rf5 Bh4 57. Ke5 Nf6 58. Kf4 h5 59. h3 hxg4 60. hxg4 1/2-1/2

[Event "Berlin Spring op-A"]
[Site "Berlin"]
[Date "2014.05.01"]
[Round "1"]
[White "Lercel, Michal"]
[Black "Bankmann, Daniel"]
[Result "1-0"]
[WhiteElo "2169"]
[BlackElo "1917"]
[PlyCount "61"]
[EventDate "2014.05.01"]
[EventType "swiss"]
[EventRounds "7"]
[EventCountry "GER"]
[SourceTitle "CBM 160 Extra"]
[Source "ChessBase"]
[SourceDate "2014.07.01"]
[SourceVersion "1"]
[SourceVersionDate "2014.07.01"]
[SourceQuality "1"]

1. d4 Nf6 2. c4 c5 3. d5 g6 4. Nc3 d6 5. e4 Bg7 6. Be2 0-0 7. Nf3 e6 8. 0-0 Re8 9. Qc2 Na6 10. a3 Nc7 11. Re1 exd5 12. cxd5 Rb8 13. Rb1 Ng4 14. Bg5 Bf6 15. Bf4 Ne5 16. Nxe5 Bxe5 17. Bxe5 Rxe5 18. f4 Re8 19. Rbd1 f5 20. e5 dxe5 21. d6 Ne6 22. fxe5 Bd7 23. Nd5 Kg7 24. Bf3 Rf8 25. Ne7 Qb6 26. Bd5 Nd4 27. Qc3 Be6 28. Bxe6 Nxe6 29. Qc4 Nd4 30. b4 Qb5 31. Rxd4 1-0

[Event "Hessenliga 1314"]
[Site "Germany"]
[Date "2014.02.02"]
[Round "6.3"]
[White "Bankmann, Daniel"]
[Black "Schreiber, Kurt"]
[Result "0-1"]
[WhiteElo "1916"]
[BlackElo "2138"]
[PlyCount "116"]
[EventDate "2013.09.29"]
[EventType "team-tourn"]
[EventRounds "9"]
[EventCountry "GER"]
[SourceTitle "EXT 2015"]
[Source "ChessBase"]
[SourceDate "2014.11.20"]
[SourceVersion "1"]
[SourceVersionDate "2014.11.20"]
[SourceQuality "1"]
[WhiteTeam "Gelnhausen"]
[BlackTeam "Dotzheim"]
[WhiteTeamCountry "GER"]
[BlackTeamCountry "GER"]

1. e4 e5 2. Nc3 Nf6 3. f4 d5 4. fxe5 Nxe4 5. Qf3 f5 6. d3 Nxc3 7. bxc3 d4 8. Qg3 Nc6 9. Be2 Be6 10. Bf3 Bd5 11. Ne2 dxc3 12. 0-0 Bxf3 13. Rxf3 Bc5+ 14. Kh1 0-0 15. Bg5 Qe8 16. Qh4 Be7 17. Bxe7 Qxe7 18. Qxe7 Nxe7 19. d4 Nd5 20. Nxc3 Rad8 21. Nxd5 Rxd5 22. Rd3 c5 23. c3 Rfd8 24. Rad1 Kf7 25. Kg1 b5 26. Kf2 b4 27. cxb4 cxd4 28. Kf3 Ke6 29. Kf4 Rxe5 30. Rxd4 Rxd4+ 31. Rxd4 Re2 32. g4 fxg4 33. a4 Rxh2 34. Kxg4 Rc2 35. Kf4 h6 36. Re4+ Kf6 37. Rd4 g5+ 38. Kg4 Rh2 39. Rd7 Rh4+ 40. Kg3 Rxb4 41. Rxa7 Kf5 42. Rh7 Rb3+ 43. Kg2 Kg6 44. Rc7 Ra3 45. Rc4 Kh5 46. Rb4 g4 47. Rb5+ Kh4 48. a5 Ra2+ 49. Kg1 h5 50. Rc5 g3 51. Rb5 Kg4 52. Rc5 h4 53. Rc1 Rxa5 54. Rb1 Ra4 55. Rc1 h3 56. Rb1 Rf4 57. Ra1 h2+ 58. Kh1 Kh3 0-1

[Event "Hessenliga 1213"]
[Site "Germany"]
[Date "2012.10.07"]
[Round "2.3"]
[White "Steyer, Bernd"]
[Black "Bankmann, Daniel"]
[Result "1/2-1/2"]
[WhiteElo "2169"]
[BlackElo "1923"]
[PlyCount "42"]
[EventDate "2012.09.16"]
[EventType "team-tourn"]
[EventRounds "9"]
[EventCountry "GER"]
[SourceTitle "EXT 2014"]
[Source "ChessBase"]
[SourceDate "2013.11.20"]
[SourceVersion "1"]
[SourceVersionDate "2013.11.20"]
[SourceQuality "1"]
[WhiteTeam "Eppstein"]
[BlackTeam "Gelnhausen"]
[WhiteTeamCountry "GER"]
[BlackTeamCountry "GER"]

1. e4 e6 2. d4 d5 3. exd5 exd5 4. Nf3 Nf6 5. Bd3 Bd6 6. 0-0 0-0 7. Bg5 Bg4 8. Nbd2 Nbd7 9. c4 c6 10. c5 Bc7 11. h3 Bh5 12. Qc2 Bg6 13. Bxg6 hxg6 14. Rfe1 Re8 15. b4 Nf8 16. Rxe8 Qxe8 17. Re1 Ne6 18. Bh4 Bf4 19. Bg5 Bc7 20. Bh4 Bf4 21. Bg5 Bc7 1/2-1/2

[Event "GER-ch Net qual3 U18"]
[Site "Playchess.com INT"]
[Date "2009.05.17"]
[Round "3"]
[White "Bankmann, Daniel"]
[Black "Bahner, Jochen"]
[Result "1-0"]
[WhiteElo "1904"]
[BlackElo "1606"]
[PlyCount "69"]
[EventDate "2009.05.17"]
[EventType "swiss (blitz)"]
[EventRounds "7"]
[EventCountry "GER"]
[SourceTitle "CBM 130 Extra"]
[Source "ChessBase"]
[SourceDate "2009.07.02"]
[SourceVersion "2"]
[SourceVersionDate "2009.07.15"]
[SourceQuality "1"]

1. e4 d6 2. d4 Nf6 3. Nc3 c6 4. f3 Qb6 5. Bc4 e6 6. Bb3 Be7 7. Be3 c5 8. Qd2 0-0 9. 0-0-0 Nc6 10. d5 Nb4 11. a3 Na6 12. g4 Nc7 13. g5 Nfe8 14. f4 exd5 15. Nxd5 Nxd5 16. Bxd5 Nc7 17. f5 Nxd5 18. Qxd5 Bd7 19. h4 Bc6 20. Qc4 Bb5 21. Qc3 f6 22. Nh3 Bc6 23. Nf4 Bxe4 24. Qc4+ d5 25. Nxd5 Bxd5 26. Rxd5 Kh8 27. Rd7 Rfe8 28. Qf7 Bf8 29. g6 hxg6 30. Qxg6 Rxe3 31. Rg1 Rae8 32. Qh5+ Kg8 33. Rgxg7+ Bxg7 34. Qf7+ Kh8 35. Qxg7# 1-0

[Event "GER-ch Net qual3 U18"]
[Site "Playchess.com INT"]
[Date "2009.05.17"]
[Round "7"]
[White "Wenninger, Philipp"]
[Black "Bankmann, Daniel"]
[Result "0-1"]
[WhiteElo "1901"]
[BlackElo "1904"]
[PlyCount "86"]
[EventDate "2009.05.17"]
[EventType "swiss (blitz)"]
[EventRounds "7"]
[EventCountry "GER"]
[SourceTitle "CBM 130 Extra"]
[Source "ChessBase"]
[SourceDate "2009.07.02"]
[SourceVersion "2"]
[SourceVersionDate "2009.07.15"]
[SourceQuality "1"]

1. d4 Nf6 2. c4 g6 3. Nc3 Bg7 4. e4 d6 5. f3 0-0 6. Be3 c5 7. d5 a6 8. Bd3 Nbd7 9. Nge2 Ne5 10. 0-0 e6 11. a4 exd5 12. cxd5 h5 13. f4 Neg4 14. Bd2 Re8 15. h3 Qb6 16. a5 Qa7 17. hxg4 c4+ 18. Kh1 cxd3 19. Ng3 Nxg4 20. Qf3 Bd7 21. Nd1 Bb5 22. Ne3 Nxe3 23. Bxe3 Qb8 24. f5 Qc7 25. f6 Bf8 26. Nxh5 Re5 27. Ng3 Qd7 28. Bf4 Rae8 29. Bxe5 Rxe5 30. Rfd1 Bh6 31. Kg1 Qc7 32. Nf1 Qc5+ 33. Qf2 Qb4 34. Qh4 Rh5 35. Qg3 Qxe4 36. Rac1 Qd4+ 37. Qf2 Rh1+ 38. Kxh1 Qxf2 39. Rc8+ Kh7 40. Nh2 Qe2 41. Rg1 d2 42. Ng4 Qxg4 43. g3 Qh3# 0-1

[Event "Hessen-ch Gr-C 62nd"]
[Site "Hanau"]
[Date "2008.03.22"]
[Round "6"]
[White "Wolff, Michael"]
[Black "Bankmann, Daniel"]
[Result "1/2-1/2"]
[WhiteElo "1953"]
[BlackElo "1779"]
[PlyCount "44"]
[EventDate "2008.03.19"]
[EventType "swiss"]
[EventRounds "7"]
[EventCountry "GER"]
[SourceTitle "CBM 123 Extra"]
[Source "ChessBase"]
[SourceDate "2008.05.06"]
[SourceVersion "1"]
[SourceVersionDate "2008.05.06"]
[SourceQuality "1"]

1. e4 e6 2. d4 d5 3. Nc3 Nf6 4. Bg5 Bb4 5. e5 h6 6. Bd2 Bxc3 7. bxc3 Ne4 8. Qg4 Kf8 9. h4 c5 10. Bd3 Nxd2 11. Kxd2 Nc6 12. Qf4 Qe7 13. Ne2 Kg8 14. Ng3 g6 15. Rab1 c4 16. Be2 Kg7 17. Qg4 Kh7 18. f4 f5 19. Qf3 b6 20. Nf1 h5 21. g3 Qa3 22. Nh2 Nd8 1/2-1/2

[Event "Main Vogelsberg op 2nd"]
[Site "Grossauheim"]
[Date "2007.06.09"]
[Round "4"]
[White "Beck, Manfred"]
[Black "Bankmann, Daniel"]
[Result "1/2-1/2"]
[WhiteElo "1923"]
[BlackElo "1712"]
[PlyCount "35"]
[EventDate "2007.06.07"]
[EventType "swiss"]
[EventRounds "7"]
[EventCountry "GER"]
[SourceTitle "EXT 2008"]
[Source "ChessBase"]
[SourceDate "2007.11.25"]
[SourceVersion "1"]
[SourceVersionDate "2007.11.25"]
[SourceQuality "1"]

1. c4 e5 2. Nc3 Nc6 3. g3 Nf6 4. Bg2 Bc5 5. e3 d6 6. Nge2 Bf5 7. d4 Bb4 8. a3 Bxc3+ 9. Nxc3 e4 10. b4 0-0 11. 0-0 Ne7 12. Bd2 c6 13. Qe2 d5 14. h3 Qd7 15. Kh2 h6 16. c5 Nh7 17. g4 Be6 18. f3 1/2-1/2

[Event "Main Vogelsberg op 2nd"]
[Site "Grossauheim"]
[Date "2007.06.07"]
[Round "1"]
[White "Bankmann, Daniel"]
[Black "Kalusok, Tim"]
[Result "1-0"]
[WhiteElo "1712"]
[BlackElo "855"]
[PlyCount "47"]
[EventDate "2007.06.07"]
[EventType "swiss"]
[EventRounds "7"]
[EventCountry "GER"]
[SourceTitle "EXT 2008"]
[Source "ChessBase"]
[SourceDate "2007.11.25"]
[SourceVersion "1"]
[SourceVersionDate "2007.11.25"]
[SourceQuality "1"]

1. e4 c6 2. d4 d5 3. e5 Bf5 4. h3 h6 5. g4 Bh7 6. Bd3 Bxd3 7. Qxd3 e6 8. Be3 Nd7 9. Nd2 Rc8 10. f4 Ne7 11. f5 c5 12. Ngf3 Qb6 13. fxe6 fxe6 14. 0-0-0 cxd4 15. Bxd4 Nc5 16. Bxc5 Qxc5 17. Nb3 Qc7 18. Nfd4 Qxe5 19. Rhf1 g5 20. Rde1 Qd6 21. Rxe6 Qh2 22. Qb5+ Kd8 23. Re2 Qxh3 24. Ne6# 1-0